000 00533nam a22002051a 4500
001 7013
003 OSt
005 20260204212112.0
008 060928s2002||||mx ||||||b||||||||||spa||
020 _a9706861998
050 _a658.8 L165m
100 _aLamb, Charles W.
245 _aMarketing / Charles W. Lamb, Joseph F. Hair y Carl McDaniel
250 _a6
264 _aMéxico : Thomson
300 _a175 p
650 _a1.Administración de Mercadotecnia
700 _aHair, Joseph F. II.McDaniel, CarlÌ
942 _2ddc
_cBK
999 _c7013
_d7013